Normal view
MARC view
Entry Personal Name
001 - CONTROL NUMBER
- control field: 27745
003 - CONTROL NUMBER IDENTIFIER
- control field: ARRUPE
005 - DATE AND TIME OF LATEST TRANSACTION
- control field: 20161129151429.0
008 - FIXED-LENGTH DATA ELEMENTS
- fixed length control field: 161129|| aca||aabn | a|a d
040 ## - CATALOGING SOURCE
- Original cataloging agency: ARRUPE
- Transcribing agency: ARRUPE
100 ## - HEADING--PERSONAL NAME
- Personal name: Walsh, Michael
670 ## - SOURCE DATA FOUND
- Source citation: Work cat.: (ARRUPE)4528: Walsh, Michael, The Secret world of Opus Dei